000 00517nam a2200193Ia 4500
005 20260429111940.0
008 260429s9999||||xx |||||||||||||| ||und||
020 _a9789370443846
041 _aEnglish
082 _a515.33
_bRAJ
100 _aRaj, Mamta
245 0 _aBasics of differential calculus /
_cMamta Raj
260 _aNew Delhi :
_bAsia Publishers,
_c2025.
300 _ax, 264 p.; hb
650 _a Differential calculus
650 _a Mathematical analysis
650 _aMathematics
942 _cTB
999 _c51569
_d51569